Las cooperativas de construcción de viviendas: un camino hacia la propia ayuda

I tiakina i:
Ngā taipitopito rārangi puna kōrero
Kaituhi matua: Vollmer-Rupprecht, Guenter (Author)
Hōputu: Pukapuka
Reo:Pāniora
I whakaputaina: Bonn Friedrich-Ebert-Stitfung 1968
Ngā marau:
Ngā Tūtohu: Tāpirihia he Tūtohu
Kāore He Tūtohu, Me noho koe te mea tuatahi ki te tūtohu i tēnei pūkete!

MARC

LEADER 00000nam a2200000 a 4500
001 UCQ2144
003 CL-VaPUC
008 980721e19680000GW |||||||||||||||||spa|d
082 0 4 |a 334.1  |b VOL  |2 21 
100 0 |a Vollmer-Rupprecht, Guenter  |e author  |9 416076 
245 1 4 |a Las cooperativas de construcción de viviendas: un camino hacia la propia ayuda 
300 |a 58 p 
942 |c BK 
945 |d 19980721 00:00:00  |a crobeson 
260 |a Bonn  |b Friedrich-Ebert-Stitfung  |c 1968 
650 0 |a Cooperativas  |9 319869 
650 0 |a Economía social  |9 334315 
650 0 |a Vivienda  |9 258662 
650 0 |a Cooperativas de viviendas  |9 416077 
650 0 |a Calidad de vida   |9 322944 
583 |a last modification  |c 19980721 00:00:00  |k Rodrigo Vera 
999 |c 272985  |d 272983 
952 |0 0  |1 0  |4 0  |6 334_100000000000000_VOL_1968  |7 0  |8 A  |9 308222  |a BIBENE  |b BIBENE  |d 2019-11-20  |i 1439510  |o 334.1 VOL 1968  |p 1439510  |r 2025-01-15  |w 2019-11-20  |y BK  |k ICO